<?xml version="1.0" encoding="UTF-8"?>
<record
    xmlns:xsi="http://www.w3.org/2001/XMLSchema-instance"
    xsi:schemaLocation="http://www.loc.gov/MARC21/slim http://www.loc.gov/standards/marcxml/schema/MARC21slim.xsd"
    xmlns="http://www.loc.gov/MARC21/slim">

  <leader>00977nam a2200229 i 4500</leader>
  <controlfield tag="001">121101</controlfield>
  <controlfield tag="003">ES-MaACL</controlfield>
  <controlfield tag="005">20250909175449.0</controlfield>
  <controlfield tag="007">t|</controlfield>
  <controlfield tag="008">070214s1986    sp      r    ||||1| spa d</controlfield>
  <datafield tag="100" ind1="1" ind2=" ">
    <subfield code="a">Prescott, William Hickling,</subfield>
    <subfield code="d">1796-1859</subfield>
    <subfield code="9">131353</subfield>
  </datafield>
  <datafield tag="245" ind1="1" ind2="0">
    <subfield code="a">Historia de la conquista del Per&#xFA; / </subfield>
    <subfield code="c">William H. Prescott ; versi&#xF3;n &#xED;ntegra de la traducci&#xF3;n de Nemesio Fern&#xE1;ndez Cuesta ; presentaci&#xF3;n por Jos&#xE9; M. G&#xF3;mez Tabanera...</subfield>
  </datafield>
  <datafield tag="260" ind1=" " ind2=" ">
    <subfield code="a">Madrid : </subfield>
    <subfield code="b">Istmo, </subfield>
    <subfield code="c">1986.</subfield>
  </datafield>
  <datafield tag="300" ind1=" " ind2=" ">
    <subfield code="a">642 p., 8 h. de l&#xE1;m. ; </subfield>
    <subfield code="c">21 cm.</subfield>
  </datafield>
  <datafield tag="490" ind1="1" ind2=" ">
    <subfield code="a">Colegio universitario (Istmo). Mundus novus ; </subfield>
    <subfield code="v">2</subfield>
  </datafield>
  <datafield tag="651" ind1=" " ind2="4">
    <subfield code="a">Per&#xFA;-</subfield>
    <subfield code="x">Historia-</subfield>
    <subfield code="y">Descubrimiento y conquista, 1522-1548.</subfield>
    <subfield code="9">9226</subfield>
  </datafield>
  <datafield tag="700" ind1="1" ind2=" ">
    <subfield code="a">Fern&#xE1;ndez Cuesta, Nemesio, </subfield>
    <subfield code="d">1818-1893</subfield>
    <subfield code="9">49614</subfield>
  </datafield>
  <datafield tag="700" ind1="0" ind2=" ">
    <subfield code="a">G&#xF3;mez-Tabanera, Jos&#xE9; Manuel,</subfield>
    <subfield code="d">1926-2011</subfield>
    <subfield code="9">58165</subfield>
  </datafield>
  <datafield tag="830" ind1="0" ind2=" ">
    <subfield code="a">Colegio universitario (Istmo). Mundus novus ; </subfield>
    <subfield code="v">2</subfield>
    <subfield code="9">186497</subfield>
  </datafield>
  <datafield tag="852" ind1=" " ind2=" ">
    <subfield code="a">ES-MaACL</subfield>
    <subfield code="j">L-11760 </subfield>
    <subfield code="b">R.113377</subfield>
  </datafield>
  <datafield tag="999" ind1=" " ind2=" ">
    <subfield code="c">121101</subfield>
    <subfield code="d">121101</subfield>
  </datafield>
  <datafield tag="952" ind1=" " ind2=" ">
    <subfield code="0">0</subfield>
    <subfield code="1">0</subfield>
    <subfield code="4">0</subfield>
    <subfield code="7">0</subfield>
    <subfield code="a">ATENEOM</subfield>
    <subfield code="b">ATENEOM</subfield>
    <subfield code="c">DEPO2</subfield>
    <subfield code="d">2008-01-17</subfield>
    <subfield code="e">SC</subfield>
    <subfield code="l">0</subfield>
    <subfield code="o">L-11760</subfield>
    <subfield code="p">1126213</subfield>
    <subfield code="r">2023-02-23 00:00:00</subfield>
    <subfield code="w">2023-02-23</subfield>
    <subfield code="y">MONOGRAFIA</subfield>
  </datafield>
</record>
